| 000 | 01057 a2200193 4500 | ||
|---|---|---|---|
| 003 | Nust | ||
| 005 | 20170207153307.0 | ||
| 010 | _a 92007744 | ||
| 020 | _a0077074262 | ||
| 040 | _cNust | ||
| 082 | 0 | 0 | _a621.3848 |
| 100 | 1 | _aKingsley, Simon, | |
| 245 | 1 | 0 |
_aUnderstanding radar systems / _cSimon Kingsley, Shaun Quegan. |
| 260 |
_aLondon ; _aNew York : _bMcGraw-Hill, _cc1992. |
||
| 300 |
_aix, 375 p. : _bill. ; _c23 cm. |
||
| 505 | _aFundamentals (Page-1), Designing A Surveillance Radar (Page-25), Tracking Radar (Page-48), Radar Detection Theory (Page-62), Signal And Data Processing (Page-104), Designing Radar Waveforms (Page-128), Secondary Surveillance Radar (Page-159), Propagations Aspects (Page-171), Radar Studies Of The Atmosphere (Page-190), Over The Horizon Radar (Page-206), Radar Remote Sensing (Page-226), Ground Probing Radar (Page-257), Multistatic Radar (Page-271), Electronic Warfare (Page-286), Recent Developments (Page-296), The Future Of Radar (Page-319). | ||
| 538 | _aAlmirah No.34 and Shelv No.4 | ||
| 650 | 0 | _aRadar. | |
| 700 | 1 |
_aQuegan, Shaun, _d1949- |
|
| 999 |
_c183496 _d183496 |
||